Top 100 Biggest Cities in US States that Start with O-P - Statistics

General Stats
  • This quiz has been taken 191 times
  • The average score is 34 of 100
Answers on the Map
Answers color-coded by a green-red scale on the quiz's map according to % correct below.
 
Answer Stats
State City Population % Correct
Oklahoma Oklahoma City 655,407
97%
Pennsylvania Philadelphia 1,591,800
96%
Oregon Portland 664,103
96%
Ohio Columbus 922,223
92%
Pennsylvania Pittsburgh 294,860
92%
Ohio Cincinnati 306,487
90%
Ohio Cleveland 379,233
90%
Oklahoma Tulsa 396,543
90%
Ohio Toledo 270,651
89%
Oregon Salem 179,944
88%
Ohio Akron 198,148
87%
Oregon Eugene 178,329
83%
Pennsylvania Erie 94,619
79%
Ohio Dayton 139,756
78%
Pennsylvania Harrisburg 49,301
76%
Pennsylvania Allentown 122,623
71%
Pennsylvania Scranton 77,218
70%
Oregon Bend 105,418
68%
Oklahoma Broken Arrow 110,135
65%
Oklahoma Norman 126,377
62%
Ohio Youngstown 65,422
62%
Pennsylvania Reading 88,521
55%
Ohio Canton 69,546
54%
Pennsylvania Lancaster 59,392
52%
Ohio Lancaster 41,192
52%
Oregon Beaverton 99,102
50%
Oregon Springfield 64,717
50%
Ohio Springfield 59,908
50%
Pennsylvania York 44,134
49%
Pennsylvania Bethlehem 76,370
45%
Pennsylvania Wilkes-Barre 41,042
45%
Oregon Gresham 109,216
43%
Oregon Corvallis 61,027
42%
Oregon Hillsboro 112,489
42%
Oregon Medford 84,397
41%
Pennsylvania Altoona 43,112
39%
Ohio Parma 77,755
37%
Pennsylvania State College 42,216
37%
Oklahoma Enid 48,015
36%
Oklahoma Lawton 92,543
33%
Oklahoma Stillwater 50,941
31%
Oklahoma Edmond 93,849
29%
Ohio Lima 36,474
29%
Ohio Lorain 64,170
28%
Oregon Grants Pass 39,377
25%
Oregon Oregon City 37,839
25%
Pennsylvania Chester 33,775
24%
Ohio Elyria 53,773
24%
Ohio Hamilton 61,956
24%
Oklahoma Moore 63,117
23%
Oregon Albany 56,037
22%
Ohio Mansfield 45,420
22%
Ohio Warren 37,644
21%
Ohio Cuyahoga Falls 49,334
20%
Ohio Findlay 41,502
20%
Oklahoma Midwest City 56,883
20%
Oklahoma Muskogee 37,214
20%
Oregon Redmond 32,684
19%
Oregon Lake Oswego 40,726
18%
Ohio Cleveland Heights 43,805
17%
Ohio Dublin 52,465
17%
Ohio Kettering 54,931
17%
Ohio Middletown 48,795
17%
Oregon Tigard 57,538
17%
Oregon Keizer 40,704
16%
Ohio Newark 51,111
16%
Oklahoma Shawnee 31,606
16%
Ohio Euclid 46,332
14%
Oklahoma Bartlesville 36,341
13%
Ohio Delaware 40,926
13%
Ohio Mentor 47,823
13%
Pennsylvania Norristown 34,308
13%
Ohio Lakewood 49,504
12%
Oregon McMinnville 35,411
12%
Ohio Bowling Green 32,350
11%
Ohio Beavercreek 48,397
10%
Pennsylvania Bethel Park 33,533
10%
Ohio Marion 35,307
10%
Ohio Mason 34,176
10%
Ohio Fairfield 42,523
9%
Ohio Grove City 43,823
8%
Ohio Huber Heights 38,314
8%
Pennsylvania Levittown 51,726
8%
Ohio Massillon 32,420
8%
Ohio Strongsville 44,831
8%
Ohio Westerville 41,687
8%
Oklahoma Owasso 37,116
7%
Oregon Aloha 55,492
6%
Ohio Boardman 34,557
6%
Ohio Gahanna 35,983
6%
Ohio Upper Arlington 35,912
6%
Ohio Brunswick 35,295
5%
Ohio Reynoldsburg 38,940
5%
Ohio Westlake 32,067
5%
Ohio Fairborn 33,736
3%
Ohio Hilliard 38,240
3%
Ohio North Olmsted 31,231
3%
Ohio North Ridgeville 34,629
1%
Ohio North Royalton 30,143
1%
Ohio Stow 34,999
1%
No matching quizzes found
Score Distribution
Percent of People with Each Score
Percentile by Number Answered
Your Score History
You have not taken this quiz